000 00967nam a22003137a 4500
001 BR2010002608
003 BR-BrBNA
005 20230928103314.0
007 ta
008 230509b bl.||||| |||| 00| 0 por d
040 _aBR-BrBNA
_bpor
_cBiblioteca Nacional de Agricultura
041 _a(Por)
072 _aE70; E71; E16
090 _ E70 BR2010002608
110 1 _aMinistério da Agricultura, Pecuária e Abastecimento, Brasília, DF (Brasil). Assessoria de Gestão Estratégica
245 1 _aProjeções do agronegócio: Brasil 2009/2010 a 2019/2020
260 3 _aBrasília, DF (Brasil):
_c2010.
300 _a76 p.
500 _a14 ref.; 27 tables; 23 illus.
650 _aAGRONEGÓCIO
650 _aDESENVOLVIMENTO ECONÔMICO
650 _aPLANEJAMENTO ECONÔMICO
650 _aCONSUMO
650 _aEXPORTAÇÃO
650 _aESTATÍSTICA DE PRODUÇÃO
650 _aIMPORTAÇÃO
909 _a202309
_bLucia
_c55
_dLucia Elande
942 _cBK
999 _c74527
_d74527